PKB - Prvá komunálna banka, a.s.

Komplexné bankové služby Prvej komunálnej banky, a.s. Komunálne obligácie. Obecné fondy rozvoja bývania. Termínové vklady. Komunálne úvery. Financovanie komplexnej bytovej výstavby. Sieť pracovísk Prvej komunálnej banky, a.s. Žilina, pobočky a expozitúry.

Na minha lista:
Detalhes bibliográficos
Formato: Capítulo de Livro
Idioma:eslovaco
Assuntos:
Tags: Adicionar Tag
Sem tags, seja o primeiro a adicionar uma tag!

MARC

LEADER 00000naa a2200000 4500
001 r017872
005 20221213101356.3
041 0 |a slo 
044 |a SK 
245 1 0 |a PKB - Prvá komunálna banka, a.s. 
520 |a Komplexné bankové služby Prvej komunálnej banky, a.s. Komunálne obligácie. Obecné fondy rozvoja bývania. Termínové vklady. Komunálne úvery. Financovanie komplexnej bytovej výstavby. Sieť pracovísk Prvej komunálnej banky, a.s. Žilina, pobočky a expozitúry. 
610 2 0 |a Prvá komunálna banka, a.s. Žilina 
610 2 0 |a banky komunálne 
610 2 0 |a služby bankové 
610 2 0 |a úver bankový 
610 2 0 |a obligácie 
610 2 0 |a obligácie komunálne 
610 2 0 |a výstavba bytová 
610 2 0 |a obce 
610 2 0 |a financovanie